Statistics for Name these Scots

Click here to take the quiz!

General Stats

  • This quiz has been taken 89 times
  • The average score is 8 of 16

Answer Stats

Answer% Correct
Mary, Queen of Scots
93%
Sean Connery
90%
Andy Murray
80%
David Tennant
80%
Adam Smith
74%
Alex Ferguson
69%
Tilda Swinton
69%
Robert Burns
64%
Nicola Sturgeon
63%
Alexander Fleming
51%
William Wallace
49%
Karen Gillan
30%
Flora MacDonald
14%
Robert Watson-Watt
10%
Eric Liddell
9%
Elsie Inglis
4%

Score Distribution

Percentile by Number Answered

Percent of People with Each Score

Your Score History

You have not taken this quiz